000 01220nam a2200229Ia 4500
001 L200-52145
003 IT-CnALBA
008 170116s9999||||xx |||||||||||||| ||und||
040 _aIT-CnALBA
_cIT-CnALBA
041 _aITALIANO
100 _aNERI UMBERTO
245 0 _aL'EUCARISTIA. CATECHESI DI MONTEVEGLIO/2.
250 _a1a ed.
260 _a BOLOGNA - NAPOLI
_bDEHONIANE EDIZIONI
_c1994 [1° Ed.:1994 - Ed.Ling.Originale: 1994]
300 _a202 p.
500 _aL'EUCARISTIA PASQUA. REDENZIONE DEL CRISTO COME CELEBRAZIONE PASQUALE. L'EUCARISTIA. PASQUA NELLA FIGURA E REALTÀ. L'EVENTO DI PASQUA. IL RITO. AGNELLO. CELEBRAZIONE PASQUALE COME INIZIO. COME NOTTE DI VEGLIA. NELLA FIGURA. NELLA REALTÀ. CELEBRAZIONE PASQ
501 _aSocietà San Paolo EM - Piazza San Paolo, 14 - 12051 ALBA (CN) (non commercial uses only) ® Copyright 2017
520 _aL'EUCARISTIA PASQUA. REDENZIONE DEL CRISTO COME CELEBRAZIONE PASQUALE. L'EUCARISTIA. PASQUA NELLA FIGURA E REALTÀ. L'EVENTO DI PASQUA. IL RITO. AGNELLO. CELEBRAZIONE PASQUALE COME INIZIO. COME NOTTE DI VEGLIA. NELLA FIGURA. NELLA REALTÀ. CELEBRAZIONE PASQ
650 _aRELIGIONE - RELIGIONE CRISTIANA
942 _cBK
957 _71
999 _a68749
_bNO
_g Copie: 1
_c311027
_d311027